Normal view
MARC view
Entry Personal Name
001 - CONTROL NUMBER
- control field: 48420
003 - CONTROL NUMBER IDENTIFIER
- control field: OSt
005 - DATE AND TIME OF LATEST TRANSACTION
- control field: 20241018165035.0
008 - FIXED-LENGTH DATA ELEMENTS
- fixed length control field: 241018|| aca||aabn | a|a d
040 ## - CATALOGING SOURCE
- Original cataloging agency: OSt
- Transcribing agency: OSt
100 ## - HEADING--PERSONAL NAME
- Personal name: Hatcher, William, Rauhaus, Beth and Meares, Wesley L.
670 ## - SOURCE DATA FOUND
- Source citation: Work cat.: (OSt)525032: Hatcher, William, Rauhaus, Beth and Meares, Wesley L., The career paths of the chief administrative officers of U.S. cities: A survey of city managers and content analysis of how they discuss their careers
